Statistics for Country Endonyms #1

Click here to take the quiz!

General Stats

  • This quiz has been taken 149 times
  • The average score is 12 of 15

Answer Stats

RegionEndonymExonym% Correct
EurasiaAzərbaycanAzerbaijan
94%
EuropeBelgiëBelgium
94%
EuropeBălgarijaBulgaria
94%
EuropeÖsterreichAustria
93%
AfricaTšādChad
86%
AsiaAl-BaḥraynBahrain
83%
AsiaKampucheaCambodia
83%
AsiaZhōngguóChina
83%
EuropeShqipëriaAlbania
79%
EuropeHrvatskaCroatia
78%
AfricaAl-Jazā'irAlgeria
76%
S. AmericaWuliwyaBolivia
69%
EurasiaHayastánArmenia
67%
AsiaKıbrısCyprus
59%
AsiaDruk YulBhutan
49%

Score Distribution

Percentile by Number Answered

Percent of People with Each Score

Your Score History

You have not taken this quiz